Οι Σλάβοι των Βαλκανίων : εισαγωγή στην ιστορία και τον πολιτισμό τους
Αποθηκεύτηκε σε:
| Κύριος συγγραφέας: | |
|---|---|
| Μορφή: | Βιβλίο |
| Γλώσσα: | Greek |
| Δημοσίευση: |
Αθήνα :
Gutenberg,
2007, 2004
|
| Έκδοση: | 1η έκδ. |
| Θέματα: | |
| Ετικέτες: |
Προσθήκη ετικέτας
Δεν υπάρχουν, Καταχωρήστε ετικέτα πρώτοι!
|
MARC
| LEADER | 00000cam a2200000 i 4500 | ||
|---|---|---|---|
| 001 | 1/87275 | ||
| 008 | 051012r20072004gr | ||| |||| ||gre|| | ||
| 020 | |a 9600110131 | ||
| 035 | |l 10080776 | ||
| 040 | |a GR-MY-UA |b gre |e aacr | ||
| 041 | 0 | |a gre | |
| 082 | 0 | |a 949.6102 |2 (22) | |
| 100 | 1 | |a Μαλιγκούδη, Γιάννα. | |
| 245 | 1 | 3 | |a Οι Σλάβοι των Βαλκανίων : |b εισαγωγή στην ιστορία και τον πολιτισμό τους / |c Γιάννα Κατσόβσκα-Μαλιγκούδη |
| 250 | |a 1η έκδ. | ||
| 260 | |a Αθήνα : |b Gutenberg, |c 2007, 2004 | ||
| 300 | |a 407 σ.; |b χάρτ.; |c 24 εκ. | ||
| 500 | |a Το Παράρτημα Λέσβου διαθέτει την ανατύπωση 2005 και την ανατύπωση του 2007 | ||
| 504 | |a Περιέχει βιβλιογραφία (σ. 371-384), χρονολογικούς πίνακες και ευρετήριο | ||
| 650 | 0 | 0 | |a Slavs |z Balkan Peninsula |x History. |
| 651 | 0 | |a Balkan Peninsula |x Civilization |x Slanic influences. | |
| 852 | |a INST |b LESVOS |e 20051012 |h 949.6102 ΜΑΛ |p 005100032796 |q 005100032796 |t BK |y 0 | ||
| 852 | |a INST |b LESVOS |e 20081208 |h 949.6102 ΜΑΛ |p 005100044152 |q 005100044152 |t BK |y 0 | ||
| 852 | |a INST |b LESVOS |e 20100622 |h 949.6102 ΜΑΛ |p 005100047869 |q 005100047869 |t BK |y 0 | ||
| 852 | |a INST |b LESVOS |e 20110401 |h 949.6102 ΜΑΛ |p 005100049150 |q 005100049150 |t BK |y 0 | ||
| 852 | |a INST |b LESVOS |e 20110401 |h 949.6102 ΜΑΛ |p 005100049151 |q 005100049151 |t BK |y 0 | ||
| 901 | |a BIBL1-2005-3 | ||
| 901 | |a BIBL1-2008-3 | ||
| 901 | |a BIBL1-2011-1 | ||
| 909 | |a Λ |b 123957 | ||
| 909 | |a Λ |b 141164 | ||
| 909 | |a Λ |b 165195 | ||
| 909 | |a Λ |b 167822 | ||
| 909 | |a Λ |b 167823 | ||
| 970 | |a ΚΑΡΑ |b ΓΙΑΣΕΜΗ |z 2005/10/12 | ||